[Event "Khanty-Mansiysk FIDE GP (Women)"]
[Site "Khanty-Mansiysk"]
[Date "2016.12.01"]
[Round "11"]
[White "Kosteniuk, Alexandra"]
[Black "Gunina, Valentina"]
[Result "0-1"]
[WhiteElo "2555"]
[BlackElo "2525"]
[PlyCount "72"]
[EventDate "2016.11.19"]
[EventType "tourn"]
[EventRounds "11"]
[EventCountry "RUS"]
[EventCategory "10"]
[SourceTitle "CBM 176"]
[Source "ChessBase"]
[SourceDate "2017.01.17"]
[SourceVersion "1"]
[SourceVersionDate "2017.01.17"]
[SourceQuality "1"]

1. e4 c6 2. d4 d5 3. Nd2 dxe4 4. Nxe4 Bf5 5. Ng3 Bg6 6. h4 h6 7. Nf3 Nf6 8. h5
Bh7 9. Bd3 Bxd3 10. Qxd3 e6 11. Bd2 Be7 12. O-O-O c5 13. Ne4 cxd4 14. Nxd4 Nbd7
15. Nb3 O-O 16. g4 Qc7 17. Nxf6+ Nxf6 18. Rhg1 Rfd8 19. Qe2 a5 20. a4 Rd5 21.
g5 hxg5 22. Bxg5 Re5 23. Qf3 Rc8 24. Nd4 Nxh5 25. Bxe7 Qxe7 26. Nb5 Rf5 27. Qe2
Qh4 28. Nd6 Rxf2 29. Qxf2 Qxf2 30. Nxc8 f5 31. Kb1 Ng3 32. Rd8+ Kh7 33. Rgd1 f4
34. R8d7 f3 35. Nd6 Qe2 36. Rg1 Qg2 0-1

[Event "EU-ch rapid"]
[Site "Tallinn"]
[Date "2016.12.15"]
[Round "6"]
[White "Kosteniuk, Alexandra"]
[Black "Kukk, Sander"]
[Result "0-1"]
[WhiteElo "2555"]
[BlackElo "2178"]
[PlyCount "108"]
[EventDate "2016.12.15"]
[EventType "swiss (rapid)"]
[EventRounds "11"]
[EventCountry "EST"]
[SourceTitle "CBM 176 Extra"]
[Source "ChessBase"]
[SourceDate "2017.03.02"]
[SourceVersion "1"]
[SourceVersionDate "2017.03.02"]
[SourceQuality "1"]

1. e4 g6 2. d4 Bg7 3. Nc3 d6 4. Be3 Nf6 5. Qd2 O-O 6. Bh6 e5 7. Nf3 exd4 8.
Nxd4 Re8 9. Bd3 d5 10. Bxg7 Kxg7 11. O-O-O c5 12. Nf3 d4 13. Na4 Qc7 14. Qg5 c4
15. e5 Ng4 16. Bxc4 Qxc4 17. Rxd4 Qxa2 18. Re1 Nc6 19. Rxg4 Bxg4 20. Qxg4 Rad8
21. Nc3 Qa1+ 22. Nb1 Qa5 23. Qf4 Nb4 24. Na3 Nd5 25. Qh4 b5 26. Kb1 h6 27. e6
Nf6 28. c3 Rxe6 29. Rxe6 fxe6 30. Nd4 Qb6 31. Qh3 Re8 32. f4 a6 33. Qe3 Qd6 34.
g3 e5 35. fxe5 Qxe5 36. Qxe5 Rxe5 37. Nac2 Ng4 38. h3 Nf2 39. Nb4 Nxh3 40. Nxa6
h5 41. Nc5 g5 42. Nd3 Re8 43. Nxb5 Re3 44. Kc2 Rxg3 45. c4 Nf4 46. Nxf4 gxf4
47. c5 Rg6 48. Nd4 Kf7 49. Kd3 h4 50. Nf3 h3 51. b4 Rg2 52. b5 h2 53. Nxh2 Rxh2
54. b6 Ke7 0-1

[Event "EU-ch rapid"]
[Site "Tallinn"]
[Date "2016.12.16"]
[Round "11"]
[White "Orndahl, Markus"]
[Black "Kosteniuk, Alexandra"]
[Result "0-1"]
[WhiteElo "2155"]
[BlackElo "2555"]
[PlyCount "66"]
[EventDate "2016.12.15"]
[EventType "swiss (rapid)"]
[EventRounds "11"]
[EventCountry "EST"]
[SourceTitle "CBM 176 Extra"]
[Source "ChessBase"]
[SourceDate "2017.03.02"]
[SourceVersion "1"]
[SourceVersionDate "2017.03.02"]
[SourceQuality "1"]

1. e4 c5 2. Nf3 Nc6 3. Bb5 g6 4. Bxc6 bxc6 5. O-O Bg7 6. Re1 Nh6 7. h3 O-O 8.
Nc3 e5 9. d3 d6 10. a3 a5 11. b3 f5 12. Bb2 f4 13. Nh2 Nf7 14. Na4 Ng5 15. f3
h5 16. c3 Rb8 17. Rb1 Kh7 18. d4 Be6 19. d5 cxd5 20. exd5 Bf5 21. Rc1 e4 22. h4
Nf7 23. fxe4 Bd7 24. Re2 Qxh4 25. Nf3 Qg3 26. c4 Bxa4 27. Bxg7 Bxb3 28. Qd2
Kxg7 29. Qxa5 Ne5 30. Rc3 Bxc4 31. Nd2 f3 32. Rf2 Ng4 33. Rcxf3 Qh2# 0-1

[Event "EU-ch blitz"]
[Site "Tallinn"]
[Date "2016.12.17"]
[Round "7"]
[White "Timerkhanov, Alexander"]
[Black "Kosteniuk, Alexandra"]
[Result "1-0"]
[WhiteElo "2360"]
[BlackElo "2555"]
[PlyCount "93"]
[EventDate "2016.12.17"]
[EventType "swiss (blitz)"]
[EventRounds "26"]
[EventCountry "EST"]
[SourceTitle "CBM 176 Extra"]
[Source "ChessBase"]
[SourceDate "2017.03.02"]
[SourceVersion "1"]
[SourceVersionDate "2017.03.02"]
[SourceQuality "1"]

1. d4 Nf6 2. Bg5 e6 3. Nd2 d5 4. e3 b6 5. Bd3 Bb7 6. f4 Be7 7. Ngf3 Ne4 8. Bxe7
Qxe7 9. O-O Nd7 10. Ne5 O-O 11. a4 f6 12. Nxd7 Qxd7 13. Bxe4 dxe4 14. a5 c5 15.
c3 Ba6 16. Re1 Bd3 17. Qb3 Qc6 18. Qa3 Rab8 19. Nb3 e5 20. dxc5 exf4 21. exf4
bxc5 22. Nxc5 Rfd8 23. b4 f5 24. Qb3+ Kh8 25. Qf7 a6 26. Re3 Rf8 27. Qd7 Qf6
28. Nxd3 exd3 29. Qxd3 Rbc8 30. Rae1 h6 31. c4 Qb2 32. Qc3 Qa2 33. c5 Rfd8 34.
Re7 Qg8 35. c6 Rf8 36. c7 Kh7 37. Rd7 Rf7 38. Ree7 Rxe7 39. Rxe7 Qf8 40. Rd7
Qg8 41. h3 Re8 42. Kh2 h5 43. Qd4 Kh6 44. Rd6+ g6 45. Rd8 Qe6 46. Qh8+ Rxh8 47.
Rxh8+ 1-0

[Event "EU-ch blitz"]
[Site "Tallinn"]
[Date "2016.12.17"]
[Round "8"]
[White "Kosteniuk, Alexandra"]
[Black "Timerkhanov, Alexander"]
[Result "0-1"]
[WhiteElo "2555"]
[BlackElo "2360"]
[PlyCount "112"]
[EventDate "2016.12.17"]
[EventType "swiss (blitz)"]
[EventRounds "26"]
[EventCountry "EST"]
[SourceTitle "CBM 176 Extra"]
[Source "ChessBase"]
[SourceDate "2017.03.02"]
[SourceVersion "1"]
[SourceVersionDate "2017.03.02"]
[SourceQuality "1"]

1. e4 c5 2. Nf3 d6 3. Bb5+ Nd7 4. c3 a6 5. Ba4 Ngf6 6. Qe2 e5 7. O-O b5 8. Bc2
Bb7 9. d4 Qc7 10. d5 Be7 11. a4 c4 12. axb5 axb5 13. Rxa8+ Bxa8 14. Na3 Qa5 15.
Bd2 O-O 16. g3 Nc5 17. Nh4 Rc8 18. f4 Nfd7 19. Nf5 Bf8 20. Qf3 Re8 21. g4 Qc7
22. Kh1 Bb7 23. Ng3 exf4 24. Bxf4 Ne5 25. Bxe5 Rxe5 26. Nxb5 Qd7 27. Nd4 g6 28.
Qf4 Bg7 29. Nf3 Re7 30. Nd2 Be5 31. Qg5 f6 32. Qh4 Qb5 33. g5 Qxb2 34. gxf6 Rf7
35. Nxc4 Qxc2 36. Nxe5 dxe5 37. Nf5 Qxe4+ 38. Qxe4 Nxe4 39. Nh6+ Kf8 40. Nxf7
Kxf7 41. c4 Nd2 42. Ra1 Nxc4 43. Ra7 Nd6 44. Kg2 Kxf6 45. Ra5 e4 46. Kf2 Ke5
47. Ke2 Bxd5 48. Ra7 h5 49. Rg7 Bf7 50. Rh7 Kf5 51. Ke3 g5 52. Rh8 Nc4+ 53. Kd4
e3 54. Kd3 Kf4 55. Rf8 Ne5+ 56. Ke2 Ke4 0-1

[Event "EU-ch blitz"]
[Site "Tallinn"]
[Date "2016.12.17"]
[Round "15"]
[White "Lovkov, Roman"]
[Black "Kosteniuk, Alexandra"]
[Result "0-1"]
[WhiteElo "2433"]
[BlackElo "2555"]
[PlyCount "100"]
[EventDate "2016.12.17"]
[EventType "swiss (blitz)"]
[EventRounds "26"]
[EventCountry "EST"]
[SourceTitle "CBM 176 Extra"]
[Source "ChessBase"]
[SourceDate "2017.03.02"]
[SourceVersion "1"]
[SourceVersionDate "2017.03.02"]
[SourceQuality "1"]

1. d4 Nf6 2. c4 e6 3. g3 c5 4. d5 exd5 5. cxd5 d6 6. Nc3 g6 7. Bg2 Bg7 8. Nf3
O-O 9. O-O a6 10. a4 Re8 11. Nd2 Nbd7 12. h3 Rb8 13. Nc4 Ne5 14. Na3 Nh5 15. a5
b5 16. axb6 Qxb6 17. f4 Nd7 18. Nc4 Qc7 19. g4 Ng3 20. Re1 f5 21. Kh2 Ne4 22.
Nxe4 fxe4 23. Qc2 Nf6 24. Rd1 Bxg4 25. hxg4 Nxg4+ 26. Kg3 h5 27. Bh3 Nf6 28.
Rxa6 Red8 29. Be6+ Kh7 30. Bd2 Qe7 31. Bc3 h4+ 32. Kh2 Bh6 33. e3 Nh5 34. Qxe4
Rb7 35. Na5 Ng3 36. Qf3 Rdb8 37. Nxb7 Rxb7 38. Rda1 Bg7 39. Kh3 Bxc3 40. bxc3
Qg7 41. Qg4 Qxc3 42. Qxh4+ Nh5 43. Qf2 Rb2 44. Qf3 Qd2 45. Ra7+ Kh6 46. Rh1 Rb3
47. Kg4 Rxe3 48. Qf1 Rg3+ 49. Kh4 Qd4 50. Bg4 Qf6# 0-1

[Event "EU-ch blitz"]
[Site "Tallinn"]
[Date "2016.12.17"]
[Round "16"]
[White "Kosteniuk, Alexandra"]
[Black "Lovkov, Roman"]
[Result "1-0"]
[WhiteElo "2555"]
[BlackElo "2433"]
[PlyCount "79"]
[EventDate "2016.12.17"]
[EventType "swiss (blitz)"]
[EventRounds "26"]
[EventCountry "EST"]
[SourceTitle "CBM 176 Extra"]
[Source "ChessBase"]
[SourceDate "2017.03.02"]
[SourceVersion "1"]
[SourceVersionDate "2017.03.02"]
[SourceQuality "1"]

1. e4 c6 2. d4 d5 3. Nd2 dxe4 4. Nxe4 Bf5 5. Ng3 Bg6 6. Nf3 Nd7 7. h4 h6 8. h5
Bh7 9. Bd3 Bxd3 10. Qxd3 e6 11. Bd2 a5 12. O-O-O Ngf6 13. Kb1 Bb4 14. c3 Be7
15. Ne4 Nxe4 16. Qxe4 Nf6 17. Qe2 a4 18. Ne5 Qd5 19. f3 b5 20. Bc1 Rb8 21. g4
c5 22. dxc5 Qxc5 23. Rhe1 Rb7 24. f4 a3 25. g5 hxg5 26. fxg5 axb2 27. Bxb2 Nd5
28. Nxf7 b4 29. Qxe6 bxc3 30. Nd6+ Qxd6 31. Qxd6 Rxb2+ 32. Ka1 Rd2 33. Qb8+ Kd7
34. Qb7+ Kd6 35. Qa6+ Kd7 36. Qe6+ Kc7 37. Rxd2 cxd2 38. Rd1 Bxg5 39. Qe5+ Kc6
40. Qxg5 1-0

[Event "EU-ch blitz"]
[Site "Tallinn"]
[Date "2016.12.17"]
[Round "17"]
[White "Ponkratov, Pavel"]
[Black "Kosteniuk, Alexandra"]
[Result "1-0"]
[WhiteElo "2607"]
[BlackElo "2555"]
[PlyCount "103"]
[EventDate "2016.12.17"]
[EventType "swiss (blitz)"]
[EventRounds "26"]
[EventCountry "EST"]
[SourceTitle "CBM 176 Extra"]
[Source "ChessBase"]
[SourceDate "2017.03.02"]
[SourceVersion "1"]
[SourceVersionDate "2017.03.02"]
[SourceQuality "1"]

1. g3 c5 2. e4 Nc6 3. Bg2 e6 4. Ne2 Nf6 5. Nbc3 e5 6. Nd5 d6 7. c3 Bg4 8. h3
Bh5 9. Ne3 Be7 10. d3 Qd7 11. O-O Bd8 12. g4 Bg6 13. f4 exf4 14. Nxf4 Bb6 15.
g5 Ng8 16. h4 h5 17. Bh3 Qd8 18. Nc4 Nge7 19. Nd5 Nxd5 20. exd5 Ne7 21. Bf4 Bc7
22. Ne3 O-O 23. c4 a6 24. Qd2 b5 25. Rf3 Rb8 26. Raf1 Bh7 27. Bg3 Ng6 28. b3
Qe8 29. Nf5 Ne5 30. Re3 f6 31. d4 cxd4 32. Nxd4 bxc4 33. gxf6 gxf6 34. Kh1 Kh8
35. Ne6 Rf7 36. Nxc7 Rxc7 37. Qf2 Qg6 38. Qxf6+ Qxf6 39. Rxf6 c3 40. Rxd6 Nf7
41. Rc6 Rxc6 42. dxc6 c2 43. Rc3 Be4+ 44. Bg2 Rg8 45. Bxe4 Rxg3 46. Rxc2 Rh3+
47. Kg2 Rxh4 48. c7 Nd6 49. Bf3 Nc8 50. Bb7 Nd6 51. c8=Q+ Nxc8 52. Rxc8+ 1-0

[Event "EU-ch blitz"]
[Site "Tallinn"]
[Date "2016.12.17"]
[Round "18"]
[White "Kosteniuk, Alexandra"]
[Black "Ponkratov, Pavel"]
[Result "0-1"]
[WhiteElo "2555"]
[BlackElo "2607"]
[PlyCount "140"]
[EventDate "2016.12.17"]
[EventType "swiss (blitz)"]
[EventRounds "26"]
[EventCountry "EST"]
[SourceTitle "CBM 176 Extra"]
[Source "ChessBase"]
[SourceDate "2017.03.02"]
[SourceVersion "1"]
[SourceVersionDate "2017.03.02"]
[SourceQuality "1"]

1. e4 g6 2. d4 Bg7 3. Nc3 d5 4. e5 Nh6 5. Nf3 Bg4 6. h3 Bxf3 7. Qxf3 e6 8. g4
Ng8 9. Ne2 Nd7 10. Bg2 c5 11. c3 Ne7 12. h4 Qb6 13. h5 cxd4 14. cxd4 Nc6 15.
Qf4 Qb4+ 16. Kf1 h6 17. hxg6 fxg6 18. Qe3 g5 19. Qd3 O-O-O 20. a3 Qe7 21. Be3
Kb8 22. Ng3 Rhf8 23. Kg1 Nb6 24. b3 Rf7 25. Ra2 Rc8 26. Nh5 Bf8 27. Bf1 Na5 28.
Bd2 Nc6 29. Be2 a6 30. Kg2 Na7 31. Ba5 Nd7 32. Bb4 Qd8 33. Bxf8 Qxf8 34. Rf1
Nb5 35. a4 Na7 36. Qg6 Qe7 37. Rd2 Nc6 38. Qd3 Qb4 39. Rfd1 Rcf8 40. f3 Ka8 41.
Qe3 Ndb8 42. Nf6 Nd7 43. Nxd7 Rxd7 44. Rh1 Rh8 45. Rdd1 Rf7 46. Rh3 Rf4 47.
Rdh1 Nxd4 48. Rxh6 Rc8 49. Rh8 Rxh8 50. Rxh8+ Ka7 51. Bd1 Qb6 52. Rg8 Rf7 53.
Rxg5 Rc7 54. a5 Qc5 55. Rg8 Qb4 56. Rd8 Rc3 57. Qh6 Qxa5 58. Qf8 Nc6 59. Ra8+
Kb6 60. Qf4 Rd3 61. Be2 Rxb3 62. Qg3 Qd2 63. Qf2+ d4 64. Bf1 Qc3 65. Kh3 Rb2
66. Qg3 Qe3 67. g5 Rb1 68. Qg2 Nxe5 69. Rf8 Ng6 70. Rf6 Nf4+ 0-1

[Event "EU-ch blitz"]
[Site "Tallinn"]
[Date "2016.12.18"]
[Round "21"]
[White "Kosteniuk, Alexandra"]
[Black "Kozul, Zdenko"]
[Result "1/2-1/2"]
[WhiteElo "2555"]
[BlackElo "2613"]
[PlyCount "139"]
[EventDate "2016.12.17"]
[EventType "swiss (blitz)"]
[EventRounds "26"]
[EventCountry "EST"]
[SourceTitle "CBM 176 Extra"]
[Source "ChessBase"]
[SourceDate "2017.03.02"]
[SourceVersion "1"]
[SourceVersionDate "2017.03.02"]
[SourceQuality "1"]

1. e4 c5 2. Nf3 d6 3. Bb5+ Bd7 4. Bxd7+ Nxd7 5. O-O Ngf6 6. Re1 e6 7. c3 Be7 8.
d4 cxd4 9. cxd4 d5 10. e5 Ne4 11. Nbd2 Nxd2 12. Bxd2 O-O 13. Rc1 Qb6 14. Qc2
Nb8 15. Qc7 Bd8 16. Qxb6 Bxb6 17. Bb4 Re8 18. Bc5 Nc6 19. b4 Rec8 20. a4 Bxc5
21. bxc5 b6 22. h4 h6 23. Red1 Kh7 24. g4 bxc5 25. dxc5 Rab8 26. Rb1 Rb4 27.
Rxb4 Nxb4 28. Rc1 a5 29. Rc3 Nc6 30. Rb3 Nb4 31. Rc3 Kg8 32. Kg2 Kf8 33. h5 Ke8
34. Kg3 Kd7 35. Nd4 Nc6 36. Nxc6 Rxc6 37. f4 Rc7 38. g5 Kc6 39. Rb3 d4 40. Kf3
Kd5 41. gxh6 gxh6 42. Rb8 Rxc5 43. Rd8+ Kc4 44. Ke4 Rd5 45. Rc8+ Kb4 46. Kd3
Kxa4 47. Rh8 Kb4 48. Rxh6 a4 49. Rh8 a3 50. Rb8+ Rb5 51. Rxb5+ Kxb5 52. h6 a2
53. h7 a1=Q 54. h8=Q Qc3+ 55. Ke2 Qe3+ 56. Kd1 Kc4 57. Qc8+ Kb4 58. Qb7+ Kc3
59. Qc7+ Kb2 60. Qxf7 Qf3+ 61. Ke1 Kc3 62. Qxe6 Qe3+ 63. Kf1 Qxf4+ 64. Kg2 d3
65. Qc6+ Kd4 66. Qa4+ Ke3 67. Qxf4+ Kxf4 68. e6 d2 69. e7 d1=Q 70. e8=Q 1/2-1/2

[Event "EU-ch blitz"]
[Site "Tallinn"]
[Date "2016.12.18"]
[Round "22"]
[White "Kozul, Zdenko"]
[Black "Kosteniuk, Alexandra"]
[Result "1-0"]
[WhiteElo "2613"]
[BlackElo "2555"]
[PlyCount "105"]
[EventDate "2016.12.17"]
[EventType "swiss (blitz)"]
[EventRounds "26"]
[EventCountry "EST"]
[SourceTitle "CBM 176 Extra"]
[Source "ChessBase"]
[SourceDate "2017.03.02"]
[SourceVersion "1"]
[SourceVersionDate "2017.03.02"]
[SourceQuality "1"]

1. Nf3 Nf6 2. g3 b6 3. Bg2 Bb7 4. O-O e6 5. d3 Be7 6. e4 d5 7. e5 Nfd7 8. Re1
c5 9. Nbd2 Nc6 10. Nf1 Qc7 11. Bf4 h6 12. h4 O-O-O 13. c3 Rdg8 14. d4 g5 15.
hxg5 hxg5 16. Be3 cxd4 17. cxd4 Kb8 18. a3 Qd8 19. b4 Qf8 20. Rc1 Qh6 21. Qa4
Rc8 22. N3h2 Qh5 23. Qd1 Qh7 24. Rc3 f5 25. exf6 Bxf6 26. Ng4 Bg7 27. b5 Na5
28. Rxc8+ Rxc8 29. Bxg5 Qf5 30. Bf4+ Ka8 31. Ne5 Nf6 32. Ne3 Qh7 33. Nf7 Bf8
34. Nd6 Bxd6 35. Bxd6 Rh8 36. Be5 Rf8 37. Qc2 Qf7 38. Rc1 Ne4 39. Bf4 Rh8 40.
Qc7 Qh5 41. g4 Qh4 42. Bg3 Qf6 43. Qe5 Rg8 44. Qxf6 Nxf6 45. f3 Nb3 46. Rd1 a6
47. a4 Ka7 48. Bf1 Rc8 49. g5 Nh5 50. Be5 Rc3 51. Kf2 Nc1 52. f4 Na2 53. Be2
1-0

[Event "Wch Rapid (Women)"]
[Site "Doha"]
[Date "2016.12.26"]
[Round "1"]
[White "Kosteniuk, Alexandra"]
[Black "Arabidze, Meri"]
[Result "1-0"]
[WhiteElo "2555"]
[BlackElo "2379"]
[PlyCount "115"]
[EventDate "2016.12.26"]
[EventType "swiss (rapid)"]
[EventRounds "12"]
[EventCountry "QAT"]
[SourceTitle "CBM 176 Extra"]
[Source "ChessBase"]
[SourceDate "2017.03.02"]
[SourceVersion "1"]
[SourceVersionDate "2017.03.02"]
[SourceQuality "1"]

1. e4 e5 2. Nf3 Nc6 3. Bc4 Nf6 4. d3 Bc5 5. O-O O-O 6. c3 d6 7. Bg5 Bb6 8. a4
a6 9. Na3 Ne7 10. Bxf6 gxf6 11. d4 Ng6 12. Nc2 f5 13. exf5 Bxf5 14. Ne3 Be4 15.
a5 Ba7 16. Ng4 exd4 17. Nxd4 d5 18. Ba2 c5 19. Ne2 c4 20. Bb1 f5 21. Bxe4 dxe4
22. Ne3 Ne5 23. Nd4 Bxd4 24. cxd4 Nd3 25. Nxc4 Qxd4 26. Qb3 Kh8 27. Ne3 f4 28.
Nc2 Qg7 29. Nb4 Rg8 30. g3 Ne5 31. Kg2 e3 32. fxe3 fxg3 33. h3 Rad8 34. Rad1
Rxd1 35. Qxd1 Ng6 36. Nc2 Nh4+ 37. Kg1 g2 38. Rf4 Ng6 39. Rg4 Qxb2 40. Rxg2 Qe5
41. Qd4 Re8 42. Rg5 Qxd4 43. exd4 Re2 44. Rc5 Kg7 45. Kf1 Rh2 46. Ne3 Rxh3 47.
Kf2 Rh2+ 48. Kf3 Ra2 49. Rc7+ Kf6 50. Rxh7 Rxa5 51. Rxb7 Rb5 52. Ra7 a5 53. Ke4
Ne7 54. Ra6+ Kf7 55. Nc4 Nf5 56. Ne5+ Ke7 57. Kxf5 Rd5 58. Ke4 1-0

[Event "Wch Rapid (Women)"]
[Site "Doha"]
[Date "2016.12.26"]
[Round "2"]
[White "Harika, Dronavalli"]
[Black "Kosteniuk, Alexandra"]
[Result "0-1"]
[WhiteElo "2543"]
[BlackElo "2555"]
[PlyCount "120"]
[EventDate "2016.12.26"]
[EventType "swiss (rapid)"]
[EventRounds "12"]
[EventCountry "QAT"]
[SourceTitle "CBM 176 Extra"]
[Source "ChessBase"]
[SourceDate "2017.03.02"]
[SourceVersion "1"]
[SourceVersionDate "2017.03.02"]
[SourceQuality "1"]

1. Nf3 Nf6 2. g3 c5 3. Bg2 Nc6 4. O-O d5 5. d4 cxd4 6. Nxd4 e5 7. Nxc6 bxc6 8.
c4 Be6 9. Bg5 Rc8 10. Qa4 Qd7 11. Bxf6 gxf6 12. cxd5 cxd5 13. Qxd7+ Kxd7 14.
Rd1 d4 15. Nc3 Ke7 16. Nd5+ Bxd5 17. Bxd5 Bh6 18. Be4 Rc5 19. b4 Rc4 20. b5 Ke6
21. a4 f5 22. Bd3 Rc5 23. f3 Be3+ 24. Kh1 h5 25. a5 e4 26. fxe4 fxe4 27. Bxe4
Rxb5 28. Bd3 Rg5 29. Bc4+ Ke7 30. Rab1 h4 31. g4 Rxg4 32. Rb7+ Kd6 33. Bxf7 h3
34. Rb3 Kc5 35. Bd5 Rg5 36. Be6 Rh6 37. Bd7 Rg2 38. Bxh3 Rxe2 39. Bg2 Ra2 40.
Rdb1 Rxa5 41. Rb7 Rb6 42. Rc7+ Kd6 43. Rxb6+ axb6 44. Rc6+ Ke5 45. Bf1 Ra1 46.
Kg2 Ra2+ 47. Kh3 Rb2 48. Bc4 Kf5 49. Bd3+ Kg5 50. Rg6+ Kh5 51. Rg2 Rb3 52. Be2+
Kh6 53. Rg3 b5 54. Kg4 b4 55. Kf5 Rc3 56. Kf6 Rc6+ 57. Ke5 b3 58. Rh3+ Kg7 59.
Bd3 Rc3 60. Be4 Bf4+ 0-1

[Event "Wch Rapid (Women)"]
[Site "Doha"]
[Date "2016.12.26"]
[Round "3"]
[White "Kosteniuk, Alexandra"]
[Black "Batsiashvili, Nino"]
[Result "1-0"]
[WhiteElo "2555"]
[BlackElo "2482"]
[PlyCount "75"]
[EventDate "2016.12.26"]
[EventType "swiss (rapid)"]
[EventRounds "12"]
[EventCountry "QAT"]
[SourceTitle "CBM 176 Extra"]
[Source "ChessBase"]
[SourceDate "2017.03.02"]
[SourceVersion "1"]
[SourceVersionDate "2017.03.02"]
[SourceQuality "1"]

1. e4 e5 2. Nf3 Nc6 3. Bc4 Nf6 4. d3 Be7 5. O-O O-O 6. Re1 d6 7. c3 a6 8. a4
Be6 9. Nbd2 h6 10. Bxe6 fxe6 11. b4 Qe8 12. Nf1 Nh5 13. Ng3 Nf4 14. Be3 Qg6 15.
b5 axb5 16. axb5 Na5 17. d4 Nc4 18. Rxa8 Rxa8 19. Qb3 Na5 20. Qa2 Bf6 21. Bxf4
exf4 22. Qxe6+ Kh7 23. Nf5 b6 24. Qd7 Qe8 25. Qxc7 Qxb5 26. e5 dxe5 27. dxe5
Rg8 28. N5d4 Qc5 29. Qf7 Qe7 30. Qa2 Bg5 31. h4 Bxh4 32. Nf5 Qf8 33. N5xh4 g5
34. Qb1+ Kg7 35. Nf5+ Kh8 36. e6 g4 37. Ne5 g3 38. Nf7+ 1-0

[Event "Wch Rapid (Women)"]
[Site "Doha"]
[Date "2016.12.26"]
[Round "4"]
[White "Muzychuk, Anna"]
[Black "Kosteniuk, Alexandra"]
[Result "1-0"]
[WhiteElo "2558"]
[BlackElo "2555"]
[PlyCount "109"]
[EventDate "2016.12.26"]
[EventType "swiss (rapid)"]
[EventRounds "12"]
[EventCountry "QAT"]
[SourceTitle "CBM 176 Extra"]
[Source "ChessBase"]
[SourceDate "2017.03.02"]
[SourceVersion "1"]
[SourceVersionDate "2017.03.02"]
[SourceQuality "1"]

1. e4 e5 2. Nf3 Nf6 3. Nc3 Nc6 4. Bb5 Nd4 5. Nxd4 exd4 6. Nd5 Ng8 7. Qh5 Bd6 8.
e5 g6 9. Qe2 Bc5 10. Qc4 Bb6 11. Nxb6 axb6 12. Qxd4 Ne7 13. b3 Nf5 14. Qf4 O-O
15. O-O d6 16. exd6 Qxd6 17. Qxd6 Nxd6 18. Bd3 Bf5 19. Bxf5 Nxf5 20. Bb2 Rfd8
21. d3 Nd4 22. Bxd4 Rxd4 23. a4 Rd6 24. Rfe1 Rc6 25. Rac1 Rd8 26. Kf1 Kf8 27.
Re3 Rd5 28. Ke2 b5 29. axb5 Rxb5 30. Kd2 Rh5 31. h3 Rg5 32. g4 Ra5 33. Re4 g5
34. Rc4 Rxc4 35. bxc4 b6 36. Rb1 h6 37. Rb5 Ra6 38. c5 bxc5 39. Rxc5 c6 40. Ke3
Ke7 41. f4 f6 42. h4 gxh4 43. Rh5 Ra2 44. c4 Rh2 45. Rxh6 Kf7 46. Kd4 Kg7 47.
g5 fxg5 48. fxg5 Rg2 49. Rxh4 Rxg5 50. Rf4 c5+ 51. Ke4 Kg6 52. d4 cxd4 53. Kxd4
Ra5 54. Rf1 Ra4 55. Kd5 1-0

[Event "Wch Rapid (Women)"]
[Site "Doha"]
[Date "2016.12.27"]
[Round "5"]
[White "Kosteniuk, Alexandra"]
[Black "Ju, Wenjun"]
[Result "1/2-1/2"]
[WhiteElo "2555"]
[BlackElo "2579"]
[PlyCount "135"]
[EventDate "2016.12.26"]
[EventType "swiss (rapid)"]
[EventRounds "12"]
[EventCountry "QAT"]
[SourceTitle "CBM 176 Extra"]
[Source "ChessBase"]
[SourceDate "2017.03.02"]
[SourceVersion "1"]
[SourceVersionDate "2017.03.02"]
[SourceQuality "1"]

1. e4 e6 2. d4 d5 3. Nc3 Nf6 4. Bg5 dxe4 5. Nxe4 Be7 6. Bxf6 gxf6 7. Qd2 b6 8.
O-O-O Bb7 9. f3 Nd7 10. Nc3 c6 11. Qh6 f5 12. Nh3 Qc7 13. Bc4 O-O-O 14. Qh5
Rdf8 15. f4 b5 16. Bb3 Bb4 17. Qe2 a6 18. Nb1 Bd6 19. Rhf1 c5 20. dxc5 Nxc5 21.
Nd2 Kb8 22. Kb1 Rc8 23. c3 Nxb3 24. Nxb3 Rhd8 25. g3 Qc4 26. Qf2 Qe4+ 27. Ka1
h6 28. Rd2 Be7 29. Re2 Qd5 30. Rd2 Qc4 31. Rfd1 Rxd2 32. Rxd2 Rd8 33. Rxd8+
Bxd8 34. Qe1 Bb6 35. Nf2 Qd5 36. Nd4 Bxd4 37. cxd4 Qxd4 38. a3 Qc4 39. Kb1 Bd5
40. Qe5+ Kb7 41. Qe3 a5 42. h3 b4 43. axb4 axb4 44. b3 Qxb3+ 45. Qxb3 Bxb3 46.
Nd3 Kb6 47. Ne5 f6 48. Nd7+ Kc6 49. Nxf6 Bd1 50. g4 Kd6 51. Kc1 Bf3 52. Kb2 Bg2
53. h4 fxg4 54. Nxg4 h5 55. Ne3 Bf3 56. Kb3 Kc5 57. f5 e5 58. f6 Kd6 59. Nc4+
Ke6 60. f7 Bd1+ 61. Kxb4 Kxf7 62. Nxe5+ Kf6 63. Nc4 Be2 64. Kc3 Kf5 65. Nd6+
Kg4 66. Ne8 Kxh4 67. Nf6 Kg5 68. Nxh5 1/2-1/2

[Event "Wch Rapid (Women)"]
[Site "Doha"]
[Date "2016.12.27"]
[Round "6"]
[White "Kosteniuk, Alexandra"]
[Black "Gaponenko, Inna"]
[Result "1-0"]
[WhiteElo "2555"]
[BlackElo "2411"]
[PlyCount "109"]
[EventDate "2016.12.26"]
[EventType "swiss (rapid)"]
[EventRounds "12"]
[EventCountry "QAT"]
[SourceTitle "CBM 176 Extra"]
[Source "ChessBase"]
[SourceDate "2017.03.02"]
[SourceVersion "1"]
[SourceVersionDate "2017.03.02"]
[SourceQuality "1"]

1. e4 c5 2. Nf3 Nf6 3. e5 Nd5 4. Nc3 Nxc3 5. dxc3 e6 6. Bd3 Nc6 7. Qe2 Qc7 8.
O-O h6 9. Bf4 a6 10. Rad1 b6 11. Bg3 Bb7 12. a3 b5 13. c4 b4 14. axb4 cxb4 15.
Be4 Bc5 16. Rd3 a5 17. Rfd1 a4 18. Qd2 Bc8 19. c3 b3 20. Nd4 O-O 21. Bf4 Rb8
22. Nb5 Rxb5 23. cxb5 Ne7 24. Rg3 Ng6 25. Bxg6 fxg6 26. Rxg6 d5 27. Be3 Bd7 28.
Kh1 Bxe3 29. Qxe3 Kh7 30. Rg4 Bxb5 31. Rb4 Bc6 32. f3 Rf5 33. f4 Rf8 34. Kg1
Qf7 35. Qd3+ Kh8 36. Rf1 Qh5 37. h3 Qf7 38. Rb6 Qc7 39. Qd4 Bd7 40. Qb4 Re8 41.
Kh2 Qc4 42. Qxc4 dxc4 43. Rd1 a3 44. bxa3 Ba4 45. Rd4 Rc8 46. Rb4 Be8 47. Rdxc4
Rd8 48. Rd4 Ra8 49. Rxb3 Bg6 50. Rd6 Bf5 51. c4 Rc8 52. Rc3 Rc5 53. g4 Be4 54.
Rxe6 Kh7 55. Kg3 1-0

[Event "Wch Rapid (Women)"]
[Site "Doha"]
[Date "2016.12.27"]
[Round "7"]
[White "Lagno, Kateryna"]
[Black "Kosteniuk, Alexandra"]
[Result "1/2-1/2"]
[WhiteElo "2530"]
[BlackElo "2555"]
[PlyCount "119"]
[EventDate "2016.12.26"]
[EventType "swiss (rapid)"]
[EventRounds "12"]
[EventCountry "QAT"]
[SourceTitle "CBM 176 Extra"]
[Source "ChessBase"]
[SourceDate "2017.03.02"]
[SourceVersion "1"]
[SourceVersionDate "2017.03.02"]
[SourceQuality "1"]

1. c4 c5 2. Nf3 Nc6 3. e3 e6 4. d4 d5 5. cxd5 exd5 6. Bb5 Nf6 7. Ne5 Bd7 8.
Bxc6 bxc6 9. O-O Bd6 10. Nxd7 Qxd7 11. dxc5 Bxc5 12. b3 O-O 13. Bb2 Be7 14. Nd2
c5 15. Rc1 Rac8 16. Nf3 Rfd8 17. Qe2 Qe6 18. Rc2 Ne4 19. Rfc1 Bd6 20. h3 f5 21.
Nd2 Nf6 22. Bxf6 Qxf6 23. Nf3 Qe6 24. Kf1 Be7 25. h4 h6 26. h5 Qe4 27. g3 Rc6
28. Kg1 Re6 29. Nd2 Qe5 30. Qf3 Qf6 31. Rd1 Kh7 32. Kg2 Rb6 33. Nb1 d4 34. Na3
Re6 35. Nc4 Re4 36. exd4 cxd4 37. Re2 Rxe2 38. Qxe2 Bb4 39. Rd3 Qc6+ 40. Qf3
Qe4 41. g4 Qxg4+ 42. Qxg4 fxg4 43. Ne5 Bc3 44. Nc6 Rd7 45. Kg3 a6 46. Kxg4 Kg8
47. f4 Kf8 48. Kf3 Rd5 49. Ne5 Rd6 50. Ke4 a5 51. f5 a4 52. bxa4 Ra6 53. Nd7+
Ke7 54. Nc5 Ra5 55. Ne6 Rxa4 56. Rg3 d3+ 57. Kxd3 Rxa2 58. Ke4 Ra4+ 59. Kf3 Be5
60. Rg4 1/2-1/2